000 00560nam#a2200217#c#4500
003 IEF
005 20180219162133.0
008 941031s1988 uuu####fr####| 0||u| |u
020 _a8428106304
040 _aIEF
100 1 _aVercelli, Alessandro
_945073
245 _aInflación y deflación
260 _aBarcelona
_b Oikos Tau
_c1988
300 _a77 p.
_b gráf.
_c 18 cm.
500 _aBibliografía
490 _aEl mundo contemporáneo. Economía e Historia ; 5
650 4 _aINFLACION
_946815
942 _cLIB
942 _z6373
999 _c70635
_d70635